000
00284nam a22000977a 4500
082
_a
620.11 NIN'E
245
_a
1971 ANNUAL BOOK OF ASTM STANDARDS:DIE CAST METALS LIGHT METALS AND ALLOYS INCLUING ELECTRICAL CONDUCTORS
260
_a
USA
_b
ASTM
_c
1971
300
_a
XVI,570P
942
_c
BK
999
_c
579370
_d
579370